000 00705nam a2200193 i 4500
001 129878
003 ES-MaACL
007 t|
008 070710s1983 sp ||||1| spa d
100 1 _aZugasti, Julián de.
_9118433
245 1 3 _aEl bandolerismo
_b: estudio social y memorias históricas /
_cJulián de Zugasti ; [estudio introductorio de Antonio Barragán Moriana, Javier de Prado Rodríguez].
250 _a[2ª ed.].
260 _aCórdoba :
_bDiputación Provincial,
_c1983.
300 _a3 v. ;
_c25 cm.
650 1 4 _aBandoleros-
_zEspaña.
_910498
700 1 _aBarragán Moriana, Antonio.
_925829
700 1 _aPrado Rodríguez, Javier de.
_993625
852 _aES-MaACL
_jL-5560-2
_bR.106126
999 _c129878
_d129878